Tareas pendientes Los Deberes Humanos /

Detalles Bibliográficos
Autor principal: Ardiani, Emilio Germǹ
Formato: eBook
Lenguaje:español
Publicado: Madrid: Editorial Acadm̌ica Espaǫla, 2019
Materias:
Acceso en línea:Acceso restringido

MARC

LEADER 00000nam a22000007a 4500
005 20190920125115.0
007 cr|||| |||
008 190920s2019 es |||||s|||| 00||0 spa d
020 |a 9786139089284 
035 |a 25282 
040 |a vLex 
090 |c 9614  |d 9614 
100 1 |a Ardiani, Emilio Germǹ 
245 1 0 |a Tareas pendientes  |h [Recurso electrn̤ico] :  |b Los Deberes Humanos /  |c Emilio Germǹ Ardiani 
256 |a Servicio en ln̕ea 
260 |a Madrid:  |b Editorial Acadm̌ica Espaǫla,  |c 2019 
300 |a 1 recurso electrn̤ico 
500 |a A 70 aǫs de la Declaracin̤ Universal de los Derechos Humanos la realidad mundial muestra una fuerte frustracin̤ en cuanto a sus niveles de satisfaccin̤. En la bs︢queda de respuestas para revertir tal situacin̤ los Deberes Humanos se presentan como un elemento clave a tener en cuenta. Contracara, fundamento y lm̕ite de los Derechos, la reivindicacin̤ de los Deberes reclama una vehemente centralidad para lograr, como pide Jos ̌Saramago, un mundo mejor. Éste ensayo intentar ̀realizar una aproximacin̤ a los Deberes Humanos a partir de la dificultad en su conceptualizacin̤, luego ser ̀necesario realizar una mirada histr̤ica en la que se analizarǹ los cambios en el paradigma del derecho y los diferentes documentos internacionales sobre la materia; šte recorrido nos permitir ̀a su vez la posibilidad de determinar ciertas causas que han llevado a su invisibilidad, para finalmente proponer un concepto y caracters̕ticas de los deberes humanos. 
506 1 |a Disponible solo en los productos indicados  |d vLex Global  |d vLex Global (Academic Edition, excluding Law Schools)  |d vLex Global (U.S. Academic Edition, Law Schools)  |d vLex Global (U.S. Academic Edition, excluding Law Schools)  |d vLex Global (Academic Edition, Law Schools) 
650 0 4 |a Derecho Internacional  |z Espaą 
740 0 |a vLex Libros (Servicio en ln̕ea) 
856 4 0 |u http://vlex.com/source/25282  |z Acceso restringido 
942 |c BOOK 
999 0 |a International right